000 02918nam a22002537a 4500
001 8209
003 FISKH
005 20250902155031.0
008 250902b cb ||||| |||| 00| 0 eng d
040 _aFISKH
_beng
_cFISKH
_dFISKH
082 _a510
082 _a420
082 _a 495.911
082 _a9 00
082 _a530
082 _a540
082 _a570
245 _aកម្រងវិញ្ញាសារត្រៀមប្រលង សម្រាប់ថ្នាក់ទី ៦​ ៧ ៨ ៩ ១០​ ១១ ១២ /
260 _aPhnom Penh :
_bBaktouk Centre,
_c2010.
300 _a269 pages :
_c17 cm
520 _aវិញ្ញាសាជម្រើសគណិតវិទ្យាថ្នាក់ទី៩ កំនែលំហាត់វិទ្យាសាស្រ្តរូបវិទ្យាថ្នាក់ទី១២ សំនួរចម្លើយវិទ្យាសាស្រ្តជីវវិទ្យាថ្នាក់ទី១២ កំណែលំហាត់វិទ្យាសាស្រ្ត្រូបវិទ្យាថ្នាក់ទី១១ លំហាត់និងដំណោះស្រាយសម្អិតទុតិយភូមិ កំនែលំហាត់វិទ្យាសាស្រ្តគីមីវិទ្យាថ្នាក់ទី១១ កំនែលំហាត់វិទ្យាសាស្រ្តគណិតវិទ្យាថ្នាក់ទី១១ ពន្យល់ពាក្យនិងរូបមន្តជីវវិទ្យាថ្នាក់ទី១០ ១១ ១២ វិញ្ញាសាជីវវិទ្យាថ្នាក់ទី៩ កំណែរវិទ្យាសាស្រ្តរូបវិទ្យានិងគីមីវិទ្យាថ្នាក់ទី៩ វិទ្យាសាស្រ្តផ្នែករូបវិទ្យាថ្នាក់ទី៩ កំណែសំនួរចម្លើយផ្នែកគីមិវិទ្យាថ្នាក់ទី៩ សំណួរចម្លើយភាសាខ្មែរថ្នាក់ទី៩ កំណែរគណិតវិទ្យាថ្នាក់ទី៨ សំណួរចម្លើយវិទ្យាសាស្រ្ត ជីវិវិទ្យានិងផែនដីវិទ្យា គន្លីះរូបមន្តនិងវិធីដោះស្រាយគណិតវិទ្យាសម្រាប់ថ្នាក់ទី ៦ ៧ ៨​ ៩ សង្ខេបរូបមន្តនិងគន្លិះដោះស្រាយ រូបវិទ្យាថ្នាក់ទី៧៨៩ រូបមន្តគណិតវិទ្យា គន្លឹះដោះស្រាយលំហាត់ថ្នក់ទី៧៨៩
942 _2ddc
_cBK
_n0
999 _c8209
_d8209